00516nam a2200241Ia 450000500170000000800460001702000180006303700070008104000080008804000080009604000080010404100080011204100080012008400170012808400080014510000200015324500400017324500200021326000110023326000130024426000090025730000080026620260401122337.0008 250103s9999 xx 000 0 eng d a9788190419765 aTB aEDL beng cEDL 2eng aeng a891.4531 SUN qEDL aSunani, Basudev 0aCast Out: Poems of Anger and Angst 0cSunani, Basudev aOrissa bRupantar c2008 a59p